Operating System Concept Window XP Updated WIth Java (Record no. 34134)

000 -LEADER
fixed length control field 00359nam a22001457a 4500
020 ## - INTERNATIONAL STANDARD BOOK NUMBER
International Standard Book Number 1118063333
082 ## - DEWEY DECIMAL CLASSIFICATION NUMBER
Classification number 005.447
100 ## - MAIN ENTRY--PERSONAL NAME
Personal name Silberschatz,Abraham
245 ## - TITLE STATEMENT
Title Operating System Concept Window XP Updated WIth Java
250 ## - EDITION STATEMENT
Edition statement 7th ed.
260 ## - PUBLICATION, DISTRIBUTION, ETC.
Place of publication, distribution, etc. New Delhi :
Name of publisher, distributor, etc. Wiley,
Date of publication, distribution, etc. 2004.
300 ## - PHYSICAL DESCRIPTION
Extent 921 p. ;
Other physical details 23 cm.
500 ## - GENERAL NOTE
General note Paperback.
942 ## - ADDED ENTRY ELEMENTS (KOHA)
Koha item type Book
Holdings
Withdrawn status Lost status Source of classification or shelving scheme Damaged status Not for loan Permanent Location Current Location Shelving location Date acquired Full call number Barcode Date last seen Price effective from Koha item type
          School of Mechanical & Manufacturing Engineering (SMME) School of Mechanical & Manufacturing Engineering (SMME) Book Bank 07/25/2016 005.447 SMME-BB27 04/02/2018 07/25/2016 Book
© 2023 Central Library, National University of Sciences and Technology. All Rights Reserved.